| 000 | 00841nam a2200229 i 4500 | ||
|---|---|---|---|
| 001 | 171148 | ||
| 003 | ES-MaACL | ||
| 005 | 20250808062751.0 | ||
| 008 | 090430s1964 sp |||| | spa d | ||
| 017 | _aM 6386-1964 | ||
| 245 | 0 | 0 |
_aDoctrina pontificia. _nIII, _pDocumentos sociales / _cedición preparada por Federico Rodríguez ; traducción de los textos latinos e italianos de Carlos Humberto Núñez. |
| 250 | _a2ª ed. | ||
| 260 |
_aMadrid : _bLa Editorial Católica, _c1964. |
||
| 300 |
_aXX, 1267 p. ; _c20 cm. |
||
| 490 | 1 |
_aBiblioteca de autores cristianos ; _v178 |
|
| 700 | 0 |
_aRodríguez, Federico. _998238 |
|
| 700 | 0 |
_aNúñez, Carlos Humberto. _986143 |
|
| 700 | 0 |
_aAgudo, Venancio-Luis. _918650 |
|
| 830 | 0 | 0 |
_aBiblioteca de autores cristianos _v178 _9178679 |
| 852 | 1 |
_aBA _jJ-175 _9R.46092 |
|
| 999 |
_c171148 _d171148 |
||